| 000 | 01573nam a22004337a 4500 | ||
|---|---|---|---|
| 001 | 130 | ||
| 003 | FISKH | ||
| 005 | 20230821090242.0 | ||
| 008 | 230228b cb ||||| |||| 00| 0 eng d | ||
| 020 | _a9781426308505 (library binding) | ||
| 020 | _a1426308507 (library binding) | ||
| 020 | _a9781426308499 (trade paperback) | ||
| 020 | _a1426308493 (trade paperback) | ||
| 035 | _a(OCoLC)ocn694394330 | ||
| 040 |
_aBTCTA _beng _cBTCTA _erda _dDAD _dJRN _dDLC _dFISKH |
||
| 042 | _alccopycat | ||
| 050 | 0 | 0 |
_aSF315 _b.M27 2011 |
| 082 | 0 | 4 |
_a636.16 _222 |
| 100 | 1 |
_aMarsh, Laura F., _eauthor. |
|
| 245 | 1 | 0 |
_aPonies / _cLaura Marsh. |
| 260 |
_aWashington, D.C. : _bNational Geographic _c2011 |
||
| 300 |
_a32 p. _bcolor illustrations ; _c23 cm. |
||
| 336 |
_atext _2rdacontent |
||
| 337 |
_aunmediated _2rdamedia |
||
| 338 |
_avolume _2rdacarrier |
||
| 490 | 1 | _aNational Geographic kids | |
| 490 | 1 | _aNational Geographic readers. Level 1 | |
| 505 | 0 | _aF | |
| 505 | 0 | _aIt's a pony! -- What is a pony? -- A foal is born! -- Pony breeds -- Colors and markings -- Wild ponies -- Ponies in the past -- Ponies today -- Caring for a pony -- Riding -- What in the world? | |
| 520 | _aDescribes the characteristics of different types of ponies at a beginning reader level. | ||
| 521 | 8 |
_a420 _bLexile |
|
| 521 | 8 |
_aF _bRaz-Plus |
|
| 650 | 0 |
_aPonies _vJuvenile literature. |
|
| 650 | 1 | _aPonies. | |
| 830 | 0 | _aNational geographic kids. | |
| 830 | 0 |
_aNational Geographic readers. _nLevel 1. |
|
| 906 |
_a7 _bcbc _ccopycat _d2 _encip _f20 _gy-gencatlg |
||
| 942 |
_2ddc _cBK _n0 |
||
| 999 |
_c130 _d130 |
||